000 00292nam a2200097Ia 4500
008 210107s9999 xx 000 0 und d
100 _aThomas, B.J. and Roach, D.K.
245 0 _aManagement of Port maintemance: A review of current problems and practices
260 _aLondon
_bHMSO
942 _cBK
999 _c10522
_d10522